000 00325 a2200109 4500
001 ART_28339
005 20260410161941.0
008 260409a
245 1 0 _aEl nuevo Código Civil y comercial
100 1 _aRodríguez Mancini, Jorge
773 0 _tTemas de derecho laboral
_g- Nº 11 (nov. 2014)
_wREV27619
999 _c29522
_d29522